000 00311nam a22001337a 4500
020 _a978-81-265-4495-0
041 _aENG
100 _aSmith.J.S
245 _aFood Processing Principles And Applications
260 _aNew Delhi
_bWiley
_c2014
300 _a511
650 _aAPE
856 _uNot To Be Issued
999 _c2564
_d2564